| 000 | 00609nam a2200205 4500 | ||
|---|---|---|---|
| 001 | 144812 | ||
| 003 | ES-MaACL | ||
| 007 | t| | ||
| 008 | 070214s1935 sp r ||||1| spa d | ||
| 100 | 1 |
_aSlaughter, Frank G. _9106773 |
|
| 245 | 1 | 0 |
_aNadie deberia morir _b: novela / _cFrank G. Slaughter ; [traducción del inglés por José Onrubia]. |
| 250 | _a[1ª ed.]. | ||
| 260 |
_aBarcelona : _bPlaneta, _c1935 ( _eGrafiemsa) |
||
| 300 |
_a449 p. ; _c20 cm. |
||
| 490 | 1 | _aGoliat | |
| 700 | 1 |
_aOnrubia, José. _987095 |
|
| 830 | 0 |
_aGoliat _9181396 |
|
| 852 |
_aES-MaACL _jC-6038 _bR.34828 |
||
| 999 |
_c144812 _d144812 |
||